1900-1920 Quiz - Statistics

General Stats
  • This quiz has been taken 17 times
  • The average score is 15 of 21
Answer Stats
Year Answer % Correct
1908 Who produced his first Model T automobile in Michigan? Henry Ford
100%
1918 Which month does WWII end? November
94%
1912 Which ocean liner sinks Mis Atlantic killing 2,200 people? Titanic
94%
1915 Which famous baseball star hit his first home run? Babe Ruth
88%
1914 Which silent movie star made his debut in 'Maling a Living'? Charlie Chaplin
88%
1901 Which British monarch died in 1901? Queen Victoria
88%
1907 Which US president declared Oklhoma 46th State of the US? Theodore Roosevelt
88%
1916 Who was US president? Woodrow Wilson
88%
1905 Which gambling centre was founded in Nevada desert? Las Vegas
81%
1906 Which volcano erupted and devastated Naples? Vesuvius
81%
1909 Which Tasmanian swashbuckling filmstar was born? Errol Flynn
75%
1920 Which nordic country joined the League of Nations? Finland
75%
1917 The NHL is formed in which Canadian city? Montreal
69%
1910 Who becomes king of Great Britain ? George V
63%
1900 The Boxer rebellion in which an army of troops freed European hostages occured in which country? China
56%
1902 Who is crowned King Of Great Britain? Edward VII
56%
1903 Which Central American country gained independence from USA? Panama
56%
1919 Afghanistan gains independence from which country ? UK
56%
1911 The Missouri State Capitol building in which city is totally destroyed by a lightning bolt? Jefferson City
44%
1913 Wich US actor star of 'Shane' was born? Alan Ladd
31%
1904 Which best selling bandleader is born? Glenn Miller
13%
No matching quizzes found
Score Distribution
Percent of People with Each Score
Percentile by Number Answered
Your Score History
You have not taken this quiz